21 Savage A-Z - Statistics

General Stats
  • This quiz has been taken 64 times
  • The average score is 5 of 16
Answer Stats
Hint Answer % Correct
A A Lot, A&T, All My Friends, ASMR, American Dream, All Of Me
92%
B Bank Account, Bad Business, Baby Girl, Break da Law, Ball w/o You
64%
R Redrum, Red Sky
60%
P Pad-Lock, Pop Ur Shit, Prove It
38%
N Nothin New, Numb, NHIE, Nee-Nah
36%
D Dead People, Dangerous, Dark Days
32%
S Special, Sneaky, See The Real, Should've Wore a Bonnet,
32%
C Close My Eyes, Can't Leave Without It,
28%
O Out For The Night
16%
G Gunsmoke, Good Day
12%
L Letter 2 My Momma, Letter 2 My Brudda
12%
F Famous, FaceTime
10%
J Just Like Me
10%
M Money Convo
4%
T Thug Life,
2%
W Whole Lot,
2%
No matching quizzes found
Score Distribution
Percent of People with Each Score
Percentile by Number Answered
Your Score History
You have not taken this quiz